[Event "Israel-ch Women 2021"]
[Site "Haifa"]
[Date "2021.03.12"]
[Round "6.6"]
[White "Kochavi, Dana"]
[Black "Aleksandrova, Aleksandra"]
[Result "0-1"]
[WhiteElo "1572"]
[BlackElo "1769"]
[Annotator "NA RC"]
[PlyCount "180"]
[EventDate "2021.01.10"]
[EventType "swiss"]
[EventCountry "ISR"]
[SourceTitle "playchess.com"]
[Source "ChessBase"]
[SourceQuality "1"]
[TimeControl "40/5400+30:3600+30"]

1. e4 {[%emt 0:00:00]} d6 {[%emt 0:00:00]} 2. d4 {[%emt 0:00:00]} Nd7 {[%emt 0:00:00]} 3. Nc3 {[%emt 0:00:00]} c6 {[%emt 0:00:00]} 4. f4 {[%emt 0:00:00]} e5 {[%emt 0:01:49]} 5. Nf3 {[%emt 0:00:06]} Qc7 {[%emt 0:00:20]} 6. g4 {[%emt 0:01:16]} Be7 {[%emt 0:00:30]} 7. a4 {[%emt 0:09:11]} exd4 {[%emt 0:02:48]} 8. Qxd4 {[%emt 0:00:17]} Bf6 {[%emt 0:00:08]} 9. Qd2 {[%emt 0:00:14]} g6 {[%emt 0:12:48]} 10. h3 {[%emt 1:23:56]} a5 {[%emt 1:16:37]} 11. Bc4 {[%emt 0:00:30]} Ne7 {[%emt 0:00:30]} 12. Qe3 {[%emt 0:00:00]} O-O 13. Bd2 {[%emt 0:00:00]} d5 14. exd5 {[%emt 0:01:30]} cxd5 {[%emt 0:00:00]} 15. Bb3 {[%emt 0:00:30]} d4 {[%emt 0:02:00]} 16. Nxd4 {[%emt 0:00:00]} Bh4+ {[%emt 0:00:30]} 17. Kd1 {[%emt 0:01:00]} Nb6 {[%emt 0:00:30]} 18. Ncb5 {[%emt 0:00:30]} Qd8 {[%emt 0:00:30]} 19. c3 {[%emt 0:00:00]} Bd7 20. Kc2 {[%emt 0:00:00]} Rc8 21. Rad1 {[%emt 0:01:30]} Bc6 {[%emt 0:00:00]} 22. Nxc6 bxc6 23. Na3 {[%emt 0:01:00]} Ned5 {[%emt 0:02:30]} 24. Qf3 {[%emt 0:00:30]} Be7 {[%emt 0:00:00]} 25. c4 {[%emt 0:00:30]} Bxa3 {[%emt 0:00:00]} 26. bxa3 {[%emt 0:00:00]} Qe7 {[%emt 0:00:00]} 27. Bc1 {[%emt 0:00:00]} Nf6 {[%emt 0:00:00]} 28. Bb2 {[%emt 0:00:00]} Qe4+ {[%emt 0:00:00]} 29. Qxe4 {[%emt 0:00:00]} Nxe4 {[%emt 0:00:00]} 30. Rde1 {[%emt 0:00:00]} Rfe8 {[%emt 0:00:00]} 31. Be5 {[%emt 0:00:00]} Nc5 32. Bd4 {[%emt 0:03:30]} Nbxa4 {[%emt 0:00:00]} 33. Bxa4 {[%emt 0:00:00]} Nxa4 {[%emt 0:00:00]} 34. c5 {[%emt 0:00:00]} Red8 {[%emt 0:00:00]} 35. Rd1 {[%emt 0:00:00]} Rd5 36. Kb3 {[%emt 0:02:00]} Nxc5+ {[%emt 0:01:20]} 37. Bxc5 Rxc5 38. Rc1 {[%emt 0:01:00]} Rb8+ {[%emt 0:01:52]} 39. Ka2 {[%emt 0:00:00]} Rbb5 {[%emt 0:00:00]} 40. Rxc5 {[%emt 0:00:00]} Rxc5 {[%emt 0:00:17]} 41. Kb3 {[%emt 0:39:49]} Kf8 42. Re1 {[%emt 0:00:00]} f5 {[%emt 0:37:39]} 43. g5 {[%emt 0:00:00]} Kf7 44. h4 {[%emt 0:23:11]} Rd5 {[%emt 0:04:51]} 45. Kc3 c5 {[%emt 0:25:01]} 46. h5 {[%emt 0:01:00]} gxh5 {[%emt 0:00:30]} 47. Rh1 {[%emt 0:00:00]} Kg6 {[%emt 0:00:00]} 48. Rb1 {[%emt 0:00:00]} Rd4 {[%emt 0:00:00]} 49. Rb6+ {[%emt 0:00:00]} Kg7 {[%emt 0:00:00]} 50. Rb7+ {[%emt 0:00:00]} Kg8 {[%emt 0:00:00]} 51. Rb8+ {[%emt 0:00:00]} Kf7 {[%emt 0:00:00]} 52. Rb7+ {[%emt 0:03:00]} Ke6 {[%emt 0:00:00]} 53. Rxh7 {[%emt 0:00:00]} Rxf4 {[%emt 0:03:30]} 54. Rxh5 {[%emt 0:00:00]} Rg4 {[%emt 0:00:30]} 55. Rh6+ {[%emt 0:01:30]} Kd5 {[%emt 0:00:00]} 56. Rg6 {[%emt 0:00:30]} Rg3+ {[%emt 0:00:00]} 57. Kb2 {[%emt 0:00:30]} Kc4 {[%emt 0:00:00]} 58. Rg8 {[%emt 0:00:30]} Rg2+ {[%emt 0:00:00]} 59. Kc1 {[%emt 0:00:30]} Kb3 {[%emt 0:00:00]} 60. g6 {[%emt 0:00:00]} Kxa3 {[%emt 0:00:00]} 61. Rc8 {[%emt 0:01:00]} Kb4 {[%emt 0:00:00]} 62. Rb8+ {[%emt 0:00:00]} Kc3 {[%emt 0:00:00]} 63. Kb1 {[%emt 0:00:00]} Rxg6 {[%emt 0:00:00]} 64. Rb5 {[%emt 0:01:30]} c4 {[%emt 0:05:00]} 65. Rxf5 {[%emt 0:00:00]} Rb6+ {[%emt 0:00:00]} 66. Ka2 {[%emt 0:01:00]} Kb4 {[%emt 0:01:00]} 67. Kb2 {[%emt 0:00:00]} a4 {[%emt 0:00:30]} 68. Rf4 {[%emt 0:00:00]} Rd6 {[%emt 0:00:00]} 69. Rf8 {[%emt 0:00:00]} a3+ {[%emt 0:00:00]} 70. Ka2 {[%emt 0:00:00]} c3 {[%emt 0:00:00]} 71. Rf4+ {[%emt 0:00:00]} Kc5 {[%emt 0:00:00]} 72. Kxa3 {[%emt 0:00:00]} Rb6 {[%emt 0:00:00]} 73. Rf8 {[%emt 0:03:30]} Kc4 {[%emt 0:03:00]} 74. Ka2 {[%emt 0:00:30]} Rb5 {[%emt 0:00:30]} 75. Rd8 {[%emt 0:00:00]} c2 {[%emt 0:00:00]} 76. Rc8+ {[%emt 0:00:00]} Kd3 {[%emt 0:00:00]} 77. Rd8+ {[%emt 0:01:30]} Kc3 {[%emt 0:00:00]} 78. Rc8+ {[%emt 0:00:30]} Kd2 {[%emt 0:00:00]} 79. Rd8+ {[%emt 0:00:00]} Kc1 {[%emt 0:00:00]} 80. Ra8 {[%emt 0:00:00]} Rb2+ {[%emt 0:03:00]} 81. Ka1 {[%emt 0:00:00]} Rb1+ {[%emt 0:00:00]} 82. Ka2 {[%emt 0:00:00]} Kd2 {[%emt 0:01:00]} 83. Rd8+ {[%emt 0:00:00]} Ke3 {[%emt 0:00:30]} 84. Re8+ {[%emt 0:03:00]} Kd4 {[%emt 0:00:00]} 85. Rc8 {[%emt 0:00:30]} c1=R {[%emt 0:00:00]} 86. Rd8+ {[%emt 0:00:00]} Ke5 {[%emt 0:00:00]} 87. Rd3 {[%emt 0:01:00]} Rb8 {[%emt 0:00:00]} 88. Ra3 {[%emt 0:00:00]} Rc2+ {[%emt 0:00:00]} 89. Ka1 {[%emt 0:01:00]} Rh8 {[%emt 0:00:00]} 90. Kb1 {[%emt 0:00:00]} Re2 {[%emt 0:03:30]} 0-1

[Event "Israel-ch Women 2021"]
[Site "Haifa"]
[Date "2021.03.12"]
[Round "6.7"]
[White "Shaul Seidner, Liad"]
[Black "Haitovich, Avital"]
[Result "0-1"]
[WhiteElo "1687"]
[BlackElo "1981"]
[Annotator "TA"]
[PlyCount "72"]
[EventDate "2021.01.10"]
[EventType "swiss"]
[EventCountry "ISR"]
[SourceTitle "playchess.com"]
[Source "ChessBase"]
[SourceQuality "1"]

{[%evp 9,72,16,17,18,28,-7,14,8,13,-50,-51,-43,-50,-52,-37,-31,-41,-43,-16,-27,-27,-27,-29,-29,-26,-49,-23,-83,-83,-83,-83,-91,-92,-98,-88,-137,-137,-126,-102,-218,-218,-273,-258,-279,-265,-394,-394,-418,-417,-425,-371,-367,-304,-277,-299,-725,-428,-418,-418,-1180,-1160,-1104,-866,-29992,-1614]} 1. e4 c5 2. Nf3 d6 3. Bb5+ Nc6 4. Bxc6+ bxc6 5. O-O Bg4 6. Re1 {B51: Sicilian: Moscow Variation (3 Bb5+) without 3...Bd7.} e6 7. c3 Be7 8. Na3 {The position is equal.} Nf6 {[#]} 9. Nc2 $146 ({White should play} 9. h3 $11 Bxf3 10. Qxf3) ({Predecessor:} 9. d4 cxd4 10. cxd4 O-O 11. Nc2 Qb6 12. b3 d5 13. e5 Ne4 14. Bb2 Bh4 15. g3 {0-1 (32) Ying,V-Goletiani,R (2165) Guarapuava 1995}) 9... d5 $15 10. exd5 cxd5 11. Ne3 Bxf3 12. Qxf3 O-O 13. d3 d4 14. Nc4 dxc3 15. bxc3 Nd5 16. Bd2 Bf6 17. Ne5 Qc7 (17... Qd6 $5 {[%cal Rf6e5]} 18. Qg3 Rfd8 $15) 18. Bf4 (18. Qe2 $11 {keeps the balance.}) 18... Nxf4 $17 ({Reject} 18... Nxc3 $6 19. Ng6 $1 $11) 19. Qxf4 Rfd8 20. d4 Rd5 21. Rad1 Rad8 22. Nd3 {[#]} Qxf4 23. Nxf4 R5d7 {[%cal Rc5d4]} 24. d5 (24. Re3 $17) 24... Bxc3 $19 25. Re3 Bd4 26. Ra3 e5 27. Nh3 (27. Ne2 {keeps fighting.}) 27... c4 28. Kf1 Rxd5 29. Ke2 a5 30. Ng5 Bb2 31. Rxd5 Rxd5 {KRB-KRN} 32. Rf3 (32. Ra4 h6 33. Ne4) 32... f6 33. Ne4 Rd4 34. Nc5 (34. Nc3 $142 e4 35. Rh3) 34... c3 35. Rd3 c2 36. Kd2 c1=Q+ {[%mdl 64] Double Attack.  Weighted Error Value: White=0.71/Black=0.18} 0-1

[Event "Israel-ch Women 2021"]
[Site "Haifa"]
[Date "2021.03.12"]
[Round "6.18"]
[White "Katkov, Michelle"]
[Black "Lian, Marina"]
[Result "1-0"]
[WhiteElo "2078"]
[BlackElo "1870"]
[Annotator "TA"]
[PlyCount "55"]
[EventDate "2021.01.10"]
[EventType "swiss"]
[EventCountry "ISR"]
[SourceTitle "playchess.com"]
[Source "ChessBase"]
[SourceQuality "1"]

{[%evp 13,54,36,23,25,30,24,25,22,18,16,18,0,16,6,14,10,33,0,54,47,46,35,37,37,35,32,32,33,61,55,81,109,94,45,72,64,524,520,499,491,1238,1225,29999]} 1. e4 e6 2. d4 d5 3. Nd2 c5 4. exd5 Qxd5 5. Ngf3 cxd4 6. Bc4 Qd8 7. O-O a6 8. Nb3 {C07: French Tarrasch: 3...c5, 4 Ngf3 and 4 exd5 Qxd5.} Nc6 9. Nbxd4 Nxd4 10. Nxd4 {White has an edge.} Qc7 11. Bb3 Bd6 12. Re1 Ne7 13. Qh5 O-O 14. c3 Bd7 (14... Ng6 {looks sharper.} 15. Bd2 b5 16. Rad1 Nf4 17. Qh4 Ng6) 15. Bc2 {[%csl Gc2][%cal Rh5h7]} (15. Bg5 {keeps more tension.} h6 16. Bd2 Rad8 17. Rad1 Rfe8 18. g3) 15... Ng6 {[#]} (15... Nf5 $11) 16. Be3 $146 ({Predecessor:} 16. Nf3 Be8 17. Qh3 Bf4 18. Bxf4 Qxf4 19. Bxg6 hxg6 20. Re4 Qf5 21. Qh4 Qh5 22. Qg3 Qb5 23. Ng5 Qxb2 24. Rae1 f6 25. Nxe6 Rf7 26. Nc7 Bc6 27. R4e2 {1-0 (27) Subelj,J (2391)-Muha,M (2343) Slovenia 2019}) 16... Rad8 17. Nf3 {And now Ng5 would win.} Bf4 18. Ng5 $40 {[%mdl 128] White is up to no good.} Bxg5 19. Bxg5 {Threatens to win with Re3.} f6 20. Be3 f5 21. Bb3 Kh8 22. Bg5 Rde8 23. Rad1 {Black must now prevent Re3.} e5 24. Re3 {Strongly threatening Rh3!} f4 $2 {[%mdl 8192] [#] A mistake that costs the game.} (24... Nf4 $14 25. Bxf4 exf4 26. Rxe8 (26. Rh3 h6 $11) 26... Bxe8) 25. Rxd7 $1 $18 {[%mdl 576] Remove Defender} Qxd7 26. Rh3 {[%csl Gh3][%cal Rh5h7]} h6 (26... Qxh3 $142 27. Qxh3 e4) 27. Bxh6 {[%cal Rh6f4]} ({Weaker is} 27. Qxg6 Qf5 $18) 27... Qf5 28. Bg5# {Weighted Error Value: White=0.06/Black=0.66} 1-0

[Event "Israel-ch Women 2021"]
[Site "Haifa"]
[Date "2021.03.13"]
[Round "7.17"]
[White "Shvayger, Yuliya"]
[Black "Orian, Noga"]
[Result "1-0"]
[WhiteElo "2327"]
[BlackElo "1658"]
[Annotator "NA"]
[PlyCount "60"]
[EventDate "2021.01.10"]
[EventType "swiss"]
[EventCountry "ISR"]
[SourceTitle "playchess.com"]
[Source "ChessBase"]
[SourceQuality "1"]
[TimeControl "40/5400+30:3600+30"]

1. e4 {[%emt 0:00:00]} d6 {[%emt 0:00:00]} 2. d4 {[%emt 0:00:09]} Nf6 {[%emt 0:00:00]} 3. Nc3 {[%emt 0:00:30]} e5 {[%emt 0:00:03]} 4. Nf3 {[%emt 0:01:18]} exd4 {[%emt 0:00:10]} 5. Nxd4 {[%emt 0:00:42]} Be7 {[%emt 0:00:23]} 6. Bd3 {[%emt 0:06:32]} Nc6 {[%emt 0:02:00]} 7. Nxc6 {[%emt 0:00:11]} bxc6 {[%emt 0:00:03]} 8. O-O {[%emt 0:00:09]} O-O {[%emt 0:00:05]} 9. f4 {[%emt 0:00:10]} Nd7 {[%emt 0:07:06]} 10. Be3 {[%emt 0:03:52]} Rb8 {[%emt 0:00:43]} 11. Rb1 {[%emt 0:00:47]} Nb6 {[%emt 0:01:25]} 12. Qf3 {[%emt 0:03:01]} Bb7 {[%emt 0:10:17]} 13. Rbd1 {[%emt 0:09:21]} d5 {[%emt 0:10:06]} 14. Qf2 {[%emt 0:11:56]} Bb4 {[%emt 0:24:22]} 15. Ne2 {[%emt 0:05:34]} dxe4 {[%emt 0:07:02]} 16. Bxe4 {[%emt 0:00:07]} Qe7 {[%emt 0:00:40]} 17. Ng3 {[%emt 0:11:42]} Ba6 {[%emt 0:02:37]} 18. Bd3 {[%emt 0:00:27]} Bxd3 {[%emt 0:00:11]} 19. Rxd3 {[%emt 0:01:41]} Rbd8 {[%emt 0:06:32]} 20. Bd4 {[%emt 0:04:18]} Rd5 {[%emt 0:05:25]} 21. Bxg7 {[%emt 0:13:03]} Rfd8 {[%emt 0:09:35]} 22. Bd4 {[%emt 0:01:02]} Qd7 {[%emt 0:05:02]} 23. Ne4 {[%emt 0:01:26]} Qf5 {[%emt 0:06:21]} 24. Nf6+ {[%emt 0:00:09]} Kf8 {[%emt 0:00:08]} 25. Nxd5 {[%emt 0:00:08]} Rxd5 {[%emt 0:00:07]} 26. Kh1 {[%emt 0:02:25]} c5 {[%emt 0:01:24]} 27. Be3 {[%emt 0:00:45]} Nc4 {[%emt 0:00:21]} 28. Rxd5 {[%emt 0:01:22]} Qxd5 {[%emt 0:00:02]} 29. a3 {[%emt 0:00:56]} Nxe3 {[%emt 0:00:51]} 30. Qxe3 {[%emt 0:00:02]} Qc4 {[%emt 0:00:18]} 1-0

[Event "Israel-ch Women 2021"]
[Site "Haifa"]
[Date "2021.03.13"]
[Round "7.18"]
[White "Haitovich, Avital"]
[Black "Katkov, Michelle"]
[Result "1-0"]
[WhiteElo "1981"]
[BlackElo "2078"]
[Annotator "NA"]
[PlyCount "27"]
[EventDate "2021.01.10"]
[EventType "swiss"]
[EventCountry "ISR"]
[SourceTitle "playchess.com"]
[Source "ChessBase"]
[SourceQuality "1"]
[TimeControl "40/5400+30:3600+30"]

1. e4 {[%emt 0:00:00]} e5 {[%emt 0:00:00]} 2. Nf3 {[%emt 0:00:00]} Nc6 {[%emt 0:00:00]} 3. Bb5 {[%emt 0:00:00]} a6 {[%emt 0:00:00]} 4. Ba4 {[%emt 0:00:00]} Nf6 {[%emt 0:00:00]} 5. d3 {[%emt 0:00:08]} b5 {[%emt 0:00:08]} 6. Bb3 {[%emt 0:00:02]} Bc5 {[%emt 0:00:13]} 7. Nc3 {[%emt 0:00:10]} d6 {[%emt 0:00:11]} 8. Nd5 {[%emt 0:00:09]} h6 {[%emt 0:00:05]} 9. c3 {[%emt 0:00:14]} Rb8 {[%emt 0:00:07]} 10. O-O {[%emt 0:02:33]} O-O {[%emt 0:00:14]} 11. Be3 {[%emt 0:01:09]} Be6 {[%emt 0:08:52]} 12. d4 {[%emt 0:04:26]} Ba7 {[%emt 0:18:25]} 13. Nxf6+ {[%emt 0:02:03]} Qxf6 {[%emt 0:00:07]} 14. d5 {[%emt 0:00:48]} 1-0

[Event "Israel-ch Women 2021"]
[Site "Haifa"]
[Date "2021.03.13"]
[Round "7.19"]
[White "Federovski, Adi"]
[Black "Reprun, Nadejda"]
[Result "1/2-1/2"]
[WhiteElo "1995"]
[BlackElo "1968"]
[Annotator "NA"]
[PlyCount "95"]
[EventDate "2021.01.10"]
[EventType "swiss"]
[EventCountry "ISR"]
[SourceTitle "playchess.com"]
[Source "ChessBase"]
[SourceQuality "1"]
[TimeControl "40/5400+30:3600+30"]

1. e4 {[%emt 0:00:00]} c6 {[%emt 0:00:00]} 2. d4 {[%emt 0:00:00]} d5 {[%emt 0:00:00]} 3. e5 {[%emt 0:00:13]} c5 {[%emt 0:00:00]} 4. dxc5 {[%emt 0:01:04]} e6 {[%emt 0:01:45]} 5. Be3 {[%emt 0:04:58]} Nc6 {[%emt 0:01:32]} 6. f4 {[%emt 0:01:06]} d4 {[%emt 0:01:55]} 7. Bf2 {[%emt 0:00:31]} Bxc5 {[%emt 0:00:05]} 8. Nd2 {[%emt 0:00:45]} Nh6 {[%emt 0:00:09]} 9. Bd3 {[%emt 0:00:55]} O-O {[%emt 0:12:18]} 10. Ngf3 {[%emt 0:00:55]} Nb4 {[%emt 0:04:37]} 11. Ne4 {[%emt 0:07:27]} Nxd3+ {[%emt 0:06:18]} 12. Qxd3 {[%emt 0:00:17]} Bb4+ {[%emt 0:00:58]} 13. Ned2 {[%emt 0:01:49]} f6 {[%emt 0:09:12]} 14. Bxd4 {[%emt 0:16:42]} fxe5 {[%emt 0:02:25]} 15. fxe5 {[%emt 0:02:59]} Nf5 {[%emt 0:06:21]} 16. O-O-O {[%emt 0:21:34]} Bd7 {[%emt 0:03:53]} 17. Ne4 {[%emt 0:03:55]} Bc6 {[%emt 0:04:16]} 18. a3 {[%emt 0:01:40]} Be7 {[%emt 0:01:03]} 19. Rhe1 {[%emt 0:04:44]} Bd5 {[%emt 0:01:58]} 20. Kb1 {[%emt 0:01:53]} b5 {[%emt 0:02:27]} 21. Nd6 {[%emt 0:04:49]} Nxd6 {[%emt 0:07:23]} 22. exd6 {[%emt 0:00:05]} Bxd6 {[%emt 0:00:45]} 23. h4 {[%emt 0:02:48]} Bc4 {[%emt 0:12:03]} 24. Qe4 {[%emt 0:01:46]} Rf4 {[%emt 0:00:32]} 25. Qe3 {[%emt 0:00:45]} Qf8 {[%emt 0:02:45]} 26. Ng5 {[%emt 0:05:18]} Re8 {[%emt 0:00:39]} 27. g3 {[%emt 0:01:18]} Rf5 {[%emt 0:01:22]} 28. g4 {[%emt 0:06:32]} Rf4 {[%emt 0:02:27]} 29. Ne4 {[%emt 0:01:09]} Rxg4 {[%emt 0:01:34]} 30. Nxd6 {[%emt 0:02:51]} Qxd6 {[%emt 0:00:07]} 31. Be5 {[%emt 0:02:09]} Qe7 {[%emt 0:01:36]} 32. Rg1 {[%emt 0:00:46]} h5 {[%emt 0:01:56]} 33. Qf3 {[%emt 0:01:10]} Bd5 {[%emt 0:02:48]} 34. Qc3 {[%emt 0:00:39]} Rf8 {[%emt 0:01:33]} 35. Rxg4 {[%emt 0:00:39]} hxg4 {[%emt 0:00:02]} 36. Qg3 {[%emt 0:00:57]} Qf7 {[%emt 0:02:24]} 37. Rg1 {[%emt 0:00:47]} Qf1+ {[%emt 0:01:48]} 38. Qe1 {[%emt 0:00:04]} Qxe1+ {[%emt 0:00:31]} 39. Rxe1 {[%emt 0:00:02]} Rf3 {[%emt 0:02:01]} 40. Rg1 {[%emt 0:00:53]} Rh3 {[%emt 0:01:25]} 41. Bg3 {[%emt 0:33:11]} Rh1 {[%emt 0:32:14]} 42. Rxh1 {[%emt 0:00:40]} Bxh1 {[%emt 0:00:12]} 43. Kc1 {[%emt 0:02:43]} Kf7 {[%emt 0:01:50]} 44. Kd2 {[%emt 0:00:07]} Kf6 {[%emt 0:00:51]} 45. Ke3 {[%emt 0:01:27]} e5 {[%emt 0:00:24]} 46. Bh2 {[%emt 0:04:58]} Kf5 {[%emt 0:02:34]} 47. Bg3 {[%emt 0:00:41]} g6 {[%emt 0:00:13]} 48. Bh2 {[%emt 0:01:01]} 1/2-1/2

[Event "Israel-ch Women 2021"]
[Site "Haifa"]
[Date "2021.03.13"]
[Round "7.20"]
[White "Levitan, Ronit"]
[Black "Lian, Marina"]
[Result "0-1"]
[WhiteElo "2048"]
[BlackElo "1870"]
[Annotator "ChessBase"]
[PlyCount "100"]
[EventDate "2021.01.10"]
[EventType "swiss"]
[EventCountry "ISR"]
[SourceTitle "playchess.com"]
[Source "ChessBase"]
[SourceQuality "1"]
[TimeControl "40/5400+30:3600+30"]

1. e4 {[%emt 1:30:30]} e6 {[%emt 0:00:04]} 2. d4 {[%emt 0:00:00]} d5 {[%emt 0:00:09]} 3. Nd2 {[%emt 0:00:00]} c5 {[%emt 0:00:06]} 4. exd5 {[%emt 0:00:00]} Qxd5 {[%emt 0:00:12]} 5. Ngf3 {[%emt 0:00:00]} cxd4 {[%emt 0:00:16]} 6. Bc4 {[%emt 0:00:00]} Qd8 {[%emt 0:00:08]} 7. O-O {[%emt 0:00:00]} a6 {[%emt 0:00:09]} 8. Nb3 {[%emt 0:00:00]} Nc6 {[%emt 0:00:08]} 9. Nbxd4 {[%emt 0:00:00]} Nxd4 {[%emt 0:00:07]} 10. Nxd4 {[%emt 0:00:00]} Qc7 {[%emt 0:00:19]} 11. Bb3 {[%emt 0:00:00]} Bd6 {[%emt 0:00:26]} 12. Re1 {[%emt 0:00:00]} Bxh2+ {[%emt 0:00:49]} 13. Kh1 {[%emt 0:00:00]} Nf6 {[%emt 0:00:16]} 14. Nf5 {[%emt 0:00:00]} O-O {[%emt 0:00:29]} 15. Nxg7 {[%emt 0:00:00]} Rd8 {[%emt 0:01:11]} 16. Qf3 {[%emt 0:00:00]} Kxg7 {[%emt 0:00:51]} 17. Bh6+ {[%emt 0:00:00]} Kg6 {[%emt 0:00:12]} 18. c3 {[%emt 0:00:00]} Nh5 {[%emt 0:01:48]} 19. Bc1 {[%emt 0:00:00]} Bf4 {[%emt 0:05:44]} 20. g4 {[%emt 0:00:00]} Bxc1 {[%emt 0:03:10]} 21. gxh5+ {[%emt 0:00:00]} Kg7 {[%emt 0:00:49]} 22. Rg1+ {[%emt 0:00:00]} Kf8 {[%emt 0:00:34]} 23. Raxc1 {[%emt 0:00:00]} b6 {[%emt 0:12:47]} 24. Qe3 {[%emt 0:00:00]} Bb7+ {[%emt 0:04:24]} 25. f3 {[%emt 0:00:00]} Qc5 {[%emt 0:09:05]} 26. Qxc5+ {[%emt 0:00:00]} bxc5 {[%emt 0:02:28]} 27. Rcf1 {[%emt 0:00:00]} Rd2 {[%emt 0:08:54]} 28. Rg2 {[%emt 0:00:00]} Rad8 {[%emt 0:00:26]} 29. Rff2 {[%emt 0:00:00]} Rxf2 {[%emt 0:01:07]} 30. Rxf2 {[%emt 0:00:00]} Kg7 {[%emt 0:03:00]} 31. Kg2 {[%emt 0:00:00]} Kh6 {[%emt 0:01:16]} 32. Kg3 {[%emt 0:00:00]} Kxh5 {[%emt 0:00:29]} 33. Rh2+ {[%emt 0:00:00]} Kg6 {[%emt 0:00:13]} 34. Bc2+ {[%emt 0:00:00]} f5 {[%emt 0:00:14]} 35. Re2 {[%emt 0:00:00]} Kf6 {[%emt 0:04:20]} 36. Kf4 {[%emt 0:00:00]} h5 {[%emt 0:09:32]} 37. Rh2 {[%emt 0:00:00]} e5+ {[%emt 0:04:41]} 38. Ke3 {[%emt 0:00:00]} f4+ {[%emt 0:01:20]} 39. Ke2 {[%emt 0:00:00]} Rh8 {[%emt 0:00:35]} 40. Kf2 {[%emt 0:00:00]} h4 {[%emt 0:02:59]} 41. Bd3 {[%emt 0:55:23]} h3 {[%emt 1:07:07]} 42. Bf1 {[%emt 0:01:09]} Bc8 {[%emt 0:14:17]} 43. b4 {[%emt 0:00:32]} Kg5 {[%emt 0:00:00]} 44. a4 {[%emt 0:00:00]} Kh4 {[%emt 0:00:00]} 45. b5 {[%emt 0:00:00]} a5 {[%emt 0:00:00]} 46. Bd3 {[%emt 0:00:00]} Rd8 {[%emt 0:00:00]} 47. Be4 {[%emt 0:00:00]} Rd2+ {[%emt 0:00:00]} 48. Kg1 {[%emt 0:00:00]} Rd1+ {[%emt 0:00:00]} 49. Kf2 {[%emt 0:00:00]} Ra1 {[%emt 0:00:00]} 50. b6 {[%emt 0:03:26]} Ba6 {[%emt 0:00:00]} 0-1

[Event "Israel-ch Women 2021"]
[Site "Haifa"]
[Date "2021.03.13"]
[Round "7.21"]
[White "Gadasi, Noam"]
[Black "Vardi, Shlomit"]
[Result "1-0"]
[WhiteElo "1781"]
[BlackElo "1901"]
[Annotator "ChessBase"]
[PlyCount "105"]
[EventDate "2021.01.10"]
[EventType "swiss"]
[EventCountry "ISR"]
[SourceTitle "playchess.com"]
[Source "ChessBase"]
[SourceQuality "1"]
[TimeControl "40/5400+30:3600+30"]

1. e4 {[%emt 0:00:00]} d6 {[%emt 0:00:00]} 2. d4 {[%emt 0:00:00]} g6 {[%emt 0:00:00]} 3. c4 {[%emt 0:00:10]} Bg7 {[%emt 0:00:04]} 4. Nc3 {[%emt 0:00:29]} Nf6 {[%emt 0:00:20]} 5. f3 {[%emt 0:00:34]} c6 {[%emt 0:07:20]} 6. Be3 {[%emt 0:03:04]} O-O {[%emt 0:02:15]} 7. Qd2 {[%emt 0:01:23]} e5 {[%emt 0:00:35]} 8. Nge2 {[%emt 0:02:02]} Re8 {[%emt 0:04:32]} 9. d5 {[%emt 0:01:27]} cxd5 {[%emt 0:06:08]} 10. Nxd5 {[%emt 0:03:12]} Nxd5 {[%emt 0:02:03]} 11. Qxd5 {[%emt 0:06:35]} Nc6 {[%emt 0:00:51]} 12. Qd2 {[%emt 0:07:12]} Be6 {[%emt 0:01:33]} 13. Nc3 {[%emt 0:04:27]} a6 {[%emt 0:08:51]} 14. O-O-O {[%emt 0:11:03]} Qa5 {[%emt 0:02:27]} 15. Kb1 {[%emt 0:03:20]} b5 {[%emt 0:30:36]} 16. Nd5 {[%emt 0:06:46]} Bxd5 {[%emt 0:01:35]} 17. Qxa5 {[%emt 0:00:39]} Nxa5 {[%emt 0:00:06]} 18. Rxd5 {[%emt 0:00:24]} Nxc4 {[%emt 0:02:50]} 19. Bxc4 {[%emt 0:00:51]} bxc4 {[%emt 0:00:05]} 20. Rxd6 {[%emt 0:00:09]} Reb8 {[%emt 0:04:08]} 21. Rc1 {[%emt 0:04:38]} Rc8 {[%emt 0:04:09]} 22. Kc2 {[%emt 0:11:35]} Bf8 {[%emt 0:04:27]} 23. Rd5 {[%emt 0:02:43]} f6 {[%emt 0:01:50]} 24. Rcd1 {[%emt 0:02:31]} a5 {[%emt 0:00:29]} 25. Bd2 {[%emt 0:10:27]} Bb4 {[%emt 0:06:51]} 26. a3 {[%emt 0:01:35]} Bxd2 {[%emt 0:00:48]} 27. R1xd2 {[%emt 0:00:24]} Kg7 {[%emt 0:02:00]} 28. Rd7+ {[%emt 0:00:35]} Kh6 {[%emt 0:00:10]} 29. Rf7 {[%emt 0:02:12]} Rc6 {[%emt 0:01:31]} 30. Rdd7 {[%emt 0:00:24]} Kg5 {[%emt 0:02:16]} 31. g3 {[%emt 0:04:00]} Rh8 {[%emt 0:00:57]} 32. Rc7 {[%emt 0:01:58]} Rxc7 {[%emt 0:01:07]} 33. Rxc7 {[%emt 0:00:02]} h5 {[%emt 0:00:13]} 34. h4+ {[%emt 0:02:25]} Kh6 {[%emt 0:00:05]} 35. Rxc4 {[%emt 0:00:47]} g5 {[%emt 0:00:27]} 36. Rc6 {[%emt 0:01:42]} Kg6 {[%emt 0:00:35]} 37. Rc5 {[%emt 0:02:07]} a4 {[%emt 0:00:22]} 38. Kc3 {[%emt 0:01:55]} Rb8 {[%emt 0:00:17]} 39. Kc2 {[%emt 0:01:40]} Rb3 {[%emt 0:00:11]} 40. Rc3 {[%emt 0:00:10]} Rb6 {[%emt 0:00:31]} 41. b4 {[%emt 0:34:13]} axb3+ {[%emt 0:30:50]} 42. Rxb3 {[%emt 0:00:08]} Rc6+ {[%emt 0:00:41]} 43. Rc3 {[%emt 0:03:29]} Ra6 {[%emt 0:00:49]} 44. Kb3 {[%emt 0:00:26]} f5 {[%emt 0:01:58]} 45. Rc5 {[%emt 0:04:42]} fxe4 {[%emt 0:03:05]} 46. fxe4 {[%emt 0:00:11]} gxh4 {[%emt 0:12:30]} 47. gxh4 {[%emt 0:00:23]} Kf6 {[%emt 0:00:36]} 48. a4 {[%emt 0:01:28]} Rd6 {[%emt 0:01:03]} 49. a5 {[%emt 0:01:25]} Ke6 {[%emt 0:00:10]} 50. Rc4 {[%emt 0:05:11]} Rd3+ {[%emt 0:03:40]} 51. Kb4 {[%emt 0:00:27]} Rd1 {[%emt 0:00:18]} 52. a6 {[%emt 0:03:10]} Rb1+ {[%emt 0:00:14]} 53. Ka5 {[%emt 0:01:11]} 1-0